Formación de profesores /

Guardado en:
Formato: Libro
Publicado: Buenos Aires : Departamento de documentaci¢n e informaci¢n educativa, 1961
Series:Bib. del plan. educ.,2
Materias:
Etiquetas: Agregar Etiqueta
Sin Etiquetas, Sea el primero en etiquetar este registro!
LEADER 00540nam a22001815a 4500
001 CEM.cems006874
005 20060214000000.0
008 130507s1961##################000#0#####d
003 CEMS
082 0 4 |a 370.7 
245 0 0 |a Formación de profesores / 
260 |a Buenos Aires :  |b Departamento de documentaci¢n e informaci¢n educativa,  |c 1961 
300 |a 74 p. 
490 0 |a Bib. del plan. educ.,2 
653 |a Educacion 
653 |a Formacion docente 
653 |a Formacion docente 
859 |a CEMS  |b BIB. CEMS - 11 de abril  |h 370.7  |i Ar37  |p 417.73  |t Ej.1